| 000 | 00773nam a22002177a 4500 | ||
|---|---|---|---|
| 001 | 1200 | ||
| 005 | 20230926102537.0 | ||
| 020 | _a9780764163203 | ||
| 040 |
_aFISKH _beng _cFISKH _dFISKH |
||
| 050 | _aPZ7 | ||
| 082 | _a398.2 | ||
| 100 | _aPirotta, Saviour | ||
| 245 |
_aIf you love a mermaid tale / _bThe little mermaid and the magic shell _cIllustrated by Susanna Lockheart |
||
| 260 |
_aHauppauge : _bBarron's Educational Series, _c2010. |
||
| 300 |
_a27 unnumbered pages : _bcolor illustrations, _c24 x 31 cm. |
||
| 505 | _aH | ||
| 520 | _aTwo captivating mermaid tales feature artist Susanna Lockheart's beautifully atmospheric and highly detailed color illustrations. | ||
| 521 |
_a530
_bLexile estimate |
||
| 521 |
_aH
_bRaz-Plus estimate |
||
| 942 |
_2ddc _cBK _n0 |
||
| 999 |
_c1200 _d1200 |
||